000 00525nam a2200181Ia 4500
008 100920s9999 xx 000 0 und d
082 _b38991
_a24 थ 77
100 _aभावे पु. भा.
245 _aदेव्हारा.
260 _bमेनका प्रकाशन पुणे-30.
_c1977
300 _a148
_bसाधी
365 _b10
520 _aसायो.
630 _aदेव्हारा.
650 _aसायो.
730 _aदेव्हारा.
942 _cBOOK
999 _c690842
_d690839